| 000 | 00723nam a2200193Ia 4500 | ||
|---|---|---|---|
| 008 | 0000001995 usa 0000000000eng00 | ||
| 090 | _aPSP00 F71r | ||
| 100 | 1 |
_aFrancés, Román _d1950 |
|
| 245 | 1 | 0 | _aRomán Francés |
| 300 |
_a14 p. _c/ 27 cm. |
||
| 500 | _aExposición realizada en La bOHEME fINE aRT, cORAL gABLES, aGOSTO 4 30, 1995 \ Con el patronazgo del maestro venezolano Jesús Rafael Soto (q.e.p.d.) | ||
| 600 | 0 | 0 |
_a FRANCES, ROMAN, 1950/ _xTRABAJOS PICTORICOS |
| 650 | 1 | 4 | _a PINTURA ESPAÑOLA |
| 650 | 1 | 4 | _aARTE CONTEMPORANEO ESPAÑOL |
| 650 | 1 | 4 | _xCATALOGOS |
| 650 | 1 | 4 | _xEXPOSICIONES |
| 650 | 1 | 4 | _aPINTORES ESPAÑOLES |
| 999 |
_c1080 _d1080 |
||
| 260 |
_aEstados Unidos de América : La Boheme Fine Art _c1995 |
||